[Event "Dvorkovich Memorial op"]
[Site "Taganrog"]
[Date "2019.01.12"]
[Round "3"]
[White "Demkovich, Dmitry"]
[Black "Skatchkov, Valery"]
[Result "0-1"]
[WhiteElo "1712"]
[BlackElo "2279"]
[PlyCount "68"]
[EventDate "2019.01.10"]
[EventType "swiss"]
[EventRounds "9"]
[EventCountry "RUS"]
[SourceTitle "CBM 188 Extra"]
[Source "ChessBase"]
[SourceDate "2019.02.26"]
[SourceVersion "1"]
[SourceVersionDate "2019.02.26"]
[SourceQuality "1"]

1. d4 Nf6 2. c4 e6 3. Nc3 Bb4 4. Qc2 0-0 5. e4 d5 6. e5 Ne4 7. Bd3 c5 8. Nf3 cxd4 9. Nxd4 Nd7 10. Bf4 Ndc5 11. 0-0 Bxc3 12. bxc3 Bd7 13. cxd5 Ba4 14. Nb3 exd5 15. Be3 Nxd3 16. Qxd3 Rc8 17. Rac1 Qe7 18. f4 Qa3 19. c4 Qxa2 20. Na5 b6 21. cxd5 Bc2 22. Rxc2 Rxc2 23. Qxe4 bxa5 24. d6 Qb3 25. Bxa7 a4 26. f5 a3 27. f6 g6 28. Qf4 Kh8 29. Qh6 Rg8 30. d7 Qb7 31. Bf2 Qxd7 32. Re1 Qf5 33. Bc5 Qg4 34. Bf2 Re2 0-1

[Event "Dvorkovich Memorial op"]
[Site "Taganrog"]
[Date "2018.01.23"]
[Round "9"]
[White "Arkhipenko, Denis"]
[Black "Demkovich, Dmitry"]
[Result "0-1"]
[WhiteElo "1621"]
[BlackElo "1663"]
[PlyCount "44"]
[EventDate "2018.01.15"]
[EventType "swiss"]
[EventRounds "9"]
[EventCountry "RUS"]
[SourceTitle "CBM 182 Extra"]
[Source "ChessBase"]
[SourceDate "2018.02.23"]
[SourceVersion "1"]
[SourceVersionDate "2018.02.23"]
[SourceQuality "1"]

1. d4 Nf6 2. Nf3 g6 3. g3 Bg7 4. Bg2 0-0 5. 0-0 d5 6. c3 Nbd7 7. Nbd2 c5 8. Re1 cxd4 9. Nxd4 e5 10. N4b3 Nb6 11. e4 Qc7 12. exd5 Nfxd5 13. Nf1 Be6 14. Ne3 Rad8 15. Qc2 h6 16. Bd2 f5 17. Rad1 Rfe8 18. f4 e4 19. Bf1 a6 20. Nxd5 Nxd5 21. Re2 Nb4 22. Qb1 Nxa2 0-1

[Event "Dvorkovich Memorial op"]
[Site "Taganrog"]
[Date "2018.01.22"]
[Round "8"]
[White "Demkovich, Dmitry"]
[Black "Tyurin, Artem"]
[Result "0-1"]
[WhiteElo "1663"]
[BlackElo "1820"]
[PlyCount "56"]
[EventDate "2018.01.15"]
[EventType "swiss"]
[EventRounds "9"]
[EventCountry "RUS"]
[SourceTitle "CBM 182 Extra"]
[Source "ChessBase"]
[SourceDate "2018.02.23"]
[SourceVersion "1"]
[SourceVersionDate "2018.02.23"]
[SourceQuality "1"]

1. c4 Nf6 2. Nc3 d5 3. cxd5 Nxd5 4. g3 g6 5. Bg2 Nb6 6. Nf3 Bg7 7. 0-0 0-0 8. d3 Nc6 9. Be3 e5 10. a4 a5 11. Bxb6 cxb6 12. Nd2 Be6 13. Nc4 Rb8 14. Nb5 Nb4 15. Ncd6 Bd5 16. Bxd5 Nxd5 17. Qb3 Nb4 18. Rac1 Nc6 19. Qc4 Nd4 20. Nxd4 exd4 21. Ne4 Qd7 22. Qc7 Qe6 23. Rc4 Be5 24. Ng5 Qf5 25. Qe7 Bf6 26. Nxf7 Rxf7 27. e4 Rxe7 28. exf5 gxf5 0-1

[Event "Dvorkovich Memorial op"]
[Site "Taganrog"]
[Date "2018.01.18"]
[Round "4"]
[White "Demkovich, Dmitry"]
[Black "Dida, Igor"]
[Result "0-1"]
[WhiteElo "1663"]
[BlackElo "1859"]
[PlyCount "109"]
[EventDate "2018.01.15"]
[EventType "swiss"]
[EventRounds "9"]
[EventCountry "RUS"]
[SourceTitle "CBM 182 Extra"]
[Source "ChessBase"]
[SourceDate "2018.02.23"]
[SourceVersion "1"]
[SourceVersionDate "2018.02.23"]
[SourceQuality "1"]

1. c4 e5 2. Nc3 Nf6 3. g3 Nc6 4. Bg2 Bc5 5. e3 0-0 6. Nge2 Re8 7. 0-0 e4 8. a3 Ne5 9. Nxe4 Nxe4 10. Bxe4 Nxc4 11. Qc2 Rxe4 12. Qxe4 d5 13. Qg2 Bf5 14. d4 Be7 15. Nf4 c6 16. h4 Bc2 17. f3 Bb3 18. Re1 Qa5 19. Qf2 Re8 20. Re2 b5 21. Bd2 Qc7 22. Bc3 a5 23. Nd3 Nd6 24. Ree1 Nf5 25. Kg2 Bd6 26. Nf4 Bf8 27. g4 Nd6 28. Nd3 Bc4 29. Nc5 a4 30. Qg3 Qd8 31. Rad1 g6 32. e4 dxe4 33. Nxe4 Nxe4 34. fxe4 Bd6 35. Qf2 Be7 36. g5 Qd7 37. Qf3 Be6 38. Rd2 Bg4 39. Qe3 Bh5 40. Rf2 Bd6 41. e5 Qe6 42. Qf4 Bf8 43. Ref1 Bg4 44. Qxf7+ Qxf7 45. Rxf7 Be6 46. R7f2 c5 47. Kg3 b4 48. axb4 cxb4 49. Rxf8+ Rxf8 50. Rxf8+ Kxf8 51. Bxb4+ Kf7 52. Kf4 Bd5 53. Ke3 Ke6 54. Kd3 Bb3 55. Bc3 0-1

[Event "Dvorkovich Memorial op"]
[Site "Taganrog"]
[Date "2018.01.15"]
[Round "1"]
[White "Vastrukhin, Oleg"]
[Black "Demkovich, Dmitry"]
[Result "1-0"]
[WhiteElo "2398"]
[BlackElo "1663"]
[PlyCount "91"]
[EventDate "2018.01.15"]
[EventType "swiss"]
[EventRounds "9"]
[EventCountry "RUS"]
[SourceTitle "CBM 182 Extra"]
[Source "ChessBase"]
[SourceDate "2018.02.23"]
[SourceVersion "1"]
[SourceVersionDate "2018.02.23"]
[SourceQuality "1"]

1. e4 c5 2. Nc3 Nc6 3. Nge2 g6 4. d3 Bg7 5. Be3 d6 6. Qd2 e5 7. g3 Bd7 8. Bg2 Nge7 9. 0-0 0-0 10. a3 Nd4 11. b4 b6 12. Rab1 Rb8 13. f4 f5 14. fxe5 dxe5 15. Bg5 Bf6 16. Bxf6 Rxf6 17. exf5 Rxf5 18. Ne4 Ne6 19. Bh3 Rxf1+ 20. Rxf1 Kg7 21. Bxe6 Bxe6 22. bxc5 bxc5 23. Qc3 Nc6 24. Qxc5 Qb6 25. Qxb6 Rxb6 26. Rf6 Bg4 27. Nc1 Bf5 28. Rd6 Kf7 29. Nb3 Ke7 30. Rd5 Be6 31. Rc5 Kd7 32. Nbd2 h5 33. Nf3 Rb1+ 34. Kf2 Rb2 35. Ke3 Bf5 36. Ned2 Ra2 37. Nc4 Be6 38. Ncxe5+ Nxe5 39. Nxe5+ Kd6 40. Kd4 Rxa3 41. Rc6+ Ke7 42. Nxg6+ Kf7 43. Nf4 Bg4 44. c4 Ra2 45. h3 Bf3 46. Rc5 1-0

[Event "Dvorkovich Memorial op"]
[Site "Taganrog"]
[Date "2017.01.19"]
[Round "7"]
[White "Demkovich, Dmitry"]
[Black "Murzin, Volodar"]
[Result "0-1"]
[WhiteElo "1635"]
[BlackElo "2061"]
[PlyCount "78"]
[EventDate "2017.01.13"]
[EventType "swiss"]
[EventRounds "9"]
[EventCountry "RUS"]
[SourceTitle "CBM 176 Extra"]
[Source "ChessBase"]
[SourceDate "2017.03.02"]
[SourceVersion "1"]
[SourceVersionDate "2017.03.02"]
[SourceQuality "1"]

1. Nf3 Nf6 2. b3 g6 3. Bb2 Bg7 4. d4 d5 5. g3 0-0 6. Bg2 c5 7. 0-0 Nc6 8. Nbd2 Ne4 9. e3 Nxd2 10. Qxd2 Bf5 11. Rac1 Be4 12. Rfd1 cxd4 13. exd4 e6 14. Qe2 Bh6 15. Nd2 Bxg2 16. Kxg2 Bg7 17. Nf3 Rc8 18. c4 Re8 19. Ne5 dxc4 20. bxc4 Nxe5 21. dxe5 Qc7 22. f4 Bf8 23. Bd4 Red8 24. Qf3 Rd7 25. Bf2 Rcd8 26. Rxd7 Rxd7 27. Qe3 b6 28. Qe2 Qd8 29. Be3 Rd3 30. Rc2 Bb4 31. Rb2 Ba5 32. Rc2 Kg7 33. Qf3 Bb4 34. Qe2 h5 35. Rb2 Ba5 36. Rc2 Qd7 37. h4 Qc6+ 38. Qf3 Qa4 39. Qe2 Rxe3 0-1

[Event "Dvorkovich Memorial op"]
[Site "Taganrog"]
[Date "2017.01.15"]
[Round "3"]
[White "Demkovich, Dmitry"]
[Black "Shamugia, Panteley"]
[Result "1/2-1/2"]
[WhiteElo "1635"]
[BlackElo "1834"]
[PlyCount "83"]
[EventDate "2017.01.13"]
[EventType "swiss"]
[EventRounds "9"]
[EventCountry "RUS"]
[SourceTitle "CBM 176 Extra"]
[Source "ChessBase"]
[SourceDate "2017.03.02"]
[SourceVersion "1"]
[SourceVersionDate "2017.03.02"]
[SourceQuality "1"]

1. Nf3 d5 2. b3 Nf6 3. Bb2 g6 4. g3 Bg7 5. d4 0-0 6. Bg2 c6 7. 0-0 Nbd7 8. c4 Re8 9. Nbd2 Nh5 10. e4 dxe4 11. Nxe4 Qc7 12. Rc1 c5 13. Qc2 cxd4 14. Nxd4 a6 15. c5 Nf8 16. Rfe1 Bd7 17. Nf3 Ne6 18. Bxg7 Nexg7 19. Nd4 Ne6 20. Nxe6 Bxe6 21. Ng5 Ng7 22. Qe4 Rab8 23. c6 b6 24. Nxe6 Nxe6 25. b4 Rbd8 26. Red1 Rxd1+ 27. Rxd1 Rd8 28. Rxd8+ Qxd8 29. Qd5 Qxd5 30. Bxd5 Nc7 31. Bb3 e6 32. Kg2 Kf8 33. Kf3 Ke7 34. Kg4 f6 35. h4 Kd6 36. h5 Kxc6 37. Bc2 gxh5+ 38. Kxh5 Kd6 39. Bxh7 Ke5 40. a3 a5 41. bxa5 bxa5 42. Bc2 1/2-1/2

[Event "Dvorkovich Memorial op"]
[Site "Taganrog"]
[Date "2017.01.13"]
[Round "1"]
[White "Demkovich, Dmitry"]
[Black "Mirzoian, Mikhail"]
[Result "0-1"]
[WhiteElo "1635"]
[BlackElo "2292"]
[PlyCount "82"]
[EventDate "2017.01.13"]
[EventType "swiss"]
[EventRounds "9"]
[EventCountry "RUS"]
[SourceTitle "CBM 176 Extra"]
[Source "ChessBase"]
[SourceDate "2017.03.02"]
[SourceVersion "1"]
[SourceVersionDate "2017.03.02"]
[SourceQuality "1"]

1. Nf3 d5 2. d4 c6 3. g3 Nf6 4. Bg2 e6 5. 0-0 Nbd7 6. Nbd2 Be7 7. c4 0-0 8. b3 b6 9. Bb2 Bb7 10. Re1 c5 11. e3 Rc8 12. Ne5 Rc7 13. Rc1 Qa8 14. Qe2 cxd4 15. exd4 dxc4 16. Bxb7 Qxb7 17. Nxd7 Rxd7 18. bxc4 Qa6 19. Rc2 Rc7 20. Qf3 Bb4 21. Bc3 Bxc3 22. Qxc3 b5 23. c5 Nd5 24. Qb3 b4 25. Ne4 Qc6 26. Nd6 a5 27. Qd3 Rb8 28. Rb1 Qa8 29. Rcb2 h6 30. a3 Rd8 31. axb4 axb4 32. Qb3 Ra7 33. Rd1 Nc3 34. Re1 Ra1 35. Rbb1 Rxb1 36. Rxb1 Nxb1 37. Qxb1 Rb8 38. Qb2 b3 39. Nc4 Qa2 40. Kg2 Qxb2 41. Nxb2 Kf8 0-1